000 00714nam a2200289 a 4500
003 AR-BaBNM
005 20251128210942.0
008 082120s2002 ||||||||||||||000 | spa||
020 _a84-249-2517-3
040 _cAR-BaBNM
100 1 _aCésar, Cayo Julio
245 0 0 _aGuerra civil
260 _aMadrid
_bGredos
_c2000
300 _a172 p.
490 0 _aBiblioteca básica Gredos
_vv. 51
650 4 _aRETORICA
650 4 _aLITERATURA LATINA
650 4 _aHISTORIA ANTIGUA
650 4 _aHISTORIOGRAFIA
650 4 _aHISTORIA MILITAR
651 4 _aRoma
653 _aFORMAS DE GOBIERNO
655 _aLITERATURA
700 1 _aCalonge Ruiz, Julio
_etraductor
942 _cBK
998 _cMARTIN
999 _c17609
_d17609